00563nam a22001697a 450000500170000001000170001702000250003403500170005903700250007608200080010124500830010926000320019227000670022430000300029149000470032170000250036820111214142457.0 aB-483176-186 a9788179931264c75.00 aB-483176-186 aBlueberry Books/Ven  a579 aWhat are bacteria, viruses, fungi, and more.../ cedited by Madhu Singh Sirohi aNew DelhibTeri Pressc2008 aDarbari Seth Block, IHC Complex, Lodhi RoadbNew Delhie110003 a16p.bcol.illc23cm(pbk)  aGreen genius guide/ edited by Pallavi Sah  aSirohi, Madhu Singh